| 000 | 01493cam a2200409 a 4500 | ||
|---|---|---|---|
| 001 | 13301363 | ||
| 003 | OSt | ||
| 005 | 20140310184420.0 | ||
| 008 | 030805s2004 idu c 000 1 eng | ||
| 010 | _a 2003111060 | ||
| 020 | _a0439755204 | ||
| 040 |
_aDLC _cDLC _dDLC |
||
| 042 | _alcac | ||
| 050 | 0 | 0 |
_aPZ 7 _b.S6984Dr 2006 |
| 082 | 0 | 0 | _a[Fic] |
| 100 | 1 |
_aSonnenblick, Jordan. _924114 |
|
| 245 | 1 | 0 |
_aDrums, girls & dangerous pie / _cJordan Sonnenblick. |
| 246 | 3 | _aDrums, girls, and dangerous pie | |
| 250 | _a1st DayBue Pub. ed. | ||
| 260 |
_aKetchum, Idaho : _bDayBue Insights, _c2006 |
||
| 300 |
_avi, 182 p. ; _c20 cm. |
||
| 520 | _aThe life of eighth-grader Steven Alper, already complicated by his friendship with two girls and a prodigious talent for drumming, is turned upside down when his five-year-old brother Jeffrey is diagnosed with leukemia. | ||
| 521 | _aG8 | ||
| 526 | _c940 | ||
| 562 | _eFor circulation. 1 copy available in the collection. | ||
| 650 | 1 |
_aBrothers _vFiction. _926614 |
|
| 650 | 1 |
_aLeukemia _vFiction. _926615 |
|
| 650 | 1 |
_aFriendship _vFiction. _926616 |
|
| 650 | 1 |
_aFamily life _vFiction. _926617 |
|
| 650 | 1 |
_aDrum _vFiction. _926618 |
|
| 650 | 1 |
_aMiddle schools _vFiction. _926619 |
|
| 650 | 1 |
_aSchools _vFiction. _926620 |
|
| 906 |
_a7 _bcbc _corignew _d2 _eepcn _f20 _gy-gencatlg |
||
| 942 |
_2lcc _cBK-SCHOLAS |
||
| 999 |
_c34212 _d34212 |
||